Jubilanti prom. hist. Eva Quastlerová

Bibliographic Details
Main Author: Berger, Igor, 1942-2021 (Author)
Format: Article
Language:Slovak
Subjects:

MARC

LEADER 00000nab a2200000 a 4500
001 vtls000453686
003 SK-MaSNL
005 20260527034402.0
008 250424c1992 xo 0 slo
015 |a SNBRB19rr/mm-uuuuu 
035 |a CL0453817 
035 |a urn:nbn:sk:snk-ab227b 
035 |a (urnnbn)urn:nbn:sk:snk:ar-a034a4 
035 |a (uuid)9afd0a57-6aed-40ab-98e2-4066c9e194f4 
040 |a SNKBUCL  |b slo  |c SNKBUCL  |e AACR2 
041 0 |a slo 
044 |a xo  |c SK 
080 |a 374-051  |2 1981 
080 |a 78  |2 1981 
080 |a 929 Quastlerová, Eva  |2 1981 
100 1 |a Berger, Igor,  |d 1942-2021  |4 aut  |9 145460 
245 1 0 |a Jubilanti  |b prom. hist. Eva Quastlerová  |c Igor Berger 
600 1 7 |a Quastlerová, Eva  |2 snkbucl  |9 705589 
655 7 |a články z novín a časopisov  |2 snkbucl  |9 267496 
773 0 |t Hudobný život 92  |g Roč. 24, č. 10 (1992), s. 2 
850 |a Slovenská národná knižnica 
852 |a Slovenská národná knižnica 
954 |a odborná, vedecká literatúra pôvodná (slovenská)  |2 lita 
958 |a article27 
958 |a OND 
958 |a BX 
958 |a RK 
958 |a EUIPO 
992 |a RBX 
999 |c 2793448  |d 2795378